[Event "Pardubice Region-chT 2223"]
[Site "Czech Republic"]
[Date "2023.02.26"]
[Round "9.4"]
[White "Madera, Stanislav"]
[Black "Janecek, Vaclav"]
[Result "0-1"]
[WhiteElo "1678"]
[BlackElo "1857"]
[PlyCount "96"]
[EventDate "2022.10.09"]
[EventType "team-tourn"]
[EventRounds "11"]
[EventCountry "CZE"]
[SourceTitle "EXT 2024"]
[Source "ChessBase"]
[SourceDate "2023.10.10"]
[SourceVersion "1"]
[SourceVersionDate "2023.10.10"]
[SourceQuality "1"]

1. d4 d5 2. Bf4 Bf5 3. Nf3 e6 4. e3 Nf6 5. Nbd2 Be7 6. c3 0-0 7. h3 Nbd7 8. Ne5 Ne4 9. Nxd7 Qxd7 10. Nf3 c5 11. Ne5 Qd8 12. dxc5 Bxc5 13. Be2 a6 14. Nd3 Be7 15. 0-0 h6 16. Qb3 Nd2 17. Qxb7 Nxf1 18. Bxf1 Bxd3 19. Bxd3 a5 20. e4 Bd6 21. Bxd6 Qxd6 22. Qb3 d4 23. c4 Rfb8 24. Qc2 Qb4 25. Rb1 e5 26. Qe2 Qe7 27. Rc1 Ra7 28. Rc2 Rab7 29. Qd2 Qc5 30. Kf1 a4 31. Ke2 Qb4 32. Qc1 Qa5 33. c5 Rc7 34. Bc4 Rbc8 35. b3 Rxc5 36. Qa3 axb3 37. Qxb3 Kh8 38. g4 f6 39. h4 Qc7 40. Kd3 Rb8 41. Qa3 Ra5 42. Qc1 Qd6 43. Bb3 Qf8 44. h5 Raa8 45. Rc4 Rc8 46. Qb2 Rxc4 47. Kxc4 Qc8+ 48. Kd3 Qxg4 0-1

[Event "Pardubice Region-chT 2223"]
[Site "Czech Republic"]
[Date "2022.10.30"]
[Round "2.3"]
[White "Houska, Bronislav"]
[Black "Janecek, Vaclav"]
[Result "0-1"]
[WhiteElo "1977"]
[BlackElo "1857"]
[PlyCount "60"]
[EventDate "2022.10.09"]
[EventType "team-tourn"]
[EventRounds "11"]
[EventCountry "CZE"]
[SourceTitle "EXT 2024"]
[Source "ChessBase"]
[SourceDate "2023.10.10"]
[SourceVersion "1"]
[SourceVersionDate "2023.10.10"]
[SourceQuality "1"]

1. c4 Nf6 2. g3 d5 3. Bg2 dxc4 4. Nf3 c6 5. a4 g6 6. 0-0 Bg7 7. Na3 0-0 8. Nxc4 Be6 9. b3 Qc8 10. Ba3 Re8 11. Ng5 Bxc4 12. bxc4 Qg4 13. f4 h6 14. Nf3 Nbd7 15. Rb1 Rab8 16. Qe1 Ne4 17. d3 Nc3 18. Rb3 Nxa4 19. Qa5 Nac5 20. Bxc5 b6 21. Bxb6 axb6 22. Qd2 e5 23. fxe5 Nxe5 24. Nxe5 Rxe5 25. Bxc6 Rxe2 26. Qf4 Qh3 27. g4 Bd4+ 28. Kh1 Rxh2+ 29. Qxh2 Qxf1+ 30. Qg1 Qxg1# 0-1

[Event "Prague Golden rap op 11th"]
[Site "Prague"]
[Date "2015.06.27"]
[Round "1"]
[White "Janecek, Vaclav"]
[Black "Sharashenidze, Akaki"]
[Result "0-1"]
[WhiteElo "1815"]
[BlackElo "2349"]
[PlyCount "96"]
[EventDate "2015.06.27"]
[EventType "swiss (rapid)"]
[EventRounds "7"]
[EventCountry "CZE"]
[SourceTitle "EXT 2017"]
[Source "ChessBase"]
[SourceDate "2016.10.25"]
[SourceVersion "1"]
[SourceVersionDate "2016.10.25"]
[SourceQuality "1"]

1. e4 d6 2. d4 Nf6 3. Nc3 e5 4. dxe5 dxe5 5. Qxd8+ Kxd8 6. Nf3 Bd6 7. Bg5 Nbd7 8. 0-0-0 Ke8 9. Bb5 a6 10. Ba4 b5 11. Bb3 Bb7 12. Rhe1 h6 13. Bh4 g5 14. Bg3 Ke7 15. Nd5+ Nxd5 16. Bxd5 Bxd5 17. Rxd5 f6 18. Ng1 Nb6 19. Rd3 Rad8 20. Ne2 Nc4 21. Red1 Bc5 22. Rxd8 Rxd8 23. Rxd8 Kxd8 24. b3 Nd6 25. f3 Ke7 26. Nc3 c6 27. Kd2 Ke6 28. Kd3 Bd4 29. Nd1 Nb7 30. Ne3 Nd6 31. Be1 h5 32. Bb4 c5 33. Ba5 Bxe3 34. Kxe3 c4 35. Bb4 Nc8 36. Bc5 cxb3 37. axb3 Ne7 38. Kd3 Nc6 39. h3 a5 40. g4 hxg4 41. hxg4 Kd7 42. c3 Nd8 43. Bb6 Nb7 44. Bf2 Kc6 45. Ba7 Nc5+ 46. Bxc5 Kxc5 47. Kc2 a4 48. bxa4 bxa4 0-1